| 000 | 01044nam a2200205 a 4500 | ||
|---|---|---|---|
| 001 | 14987273 | ||
| 008 | 120419s2008 ||||||||||||||||| || u | ||
| 010 | _a2007936408 | ||
| 020 | _a9780761942351 (cover) | ||
| 050 | _aGE 170 Und | ||
| 245 | 0 | 0 |
_aUnderstanding environmental issues _cedited by Susan Buckingham and Mike Turner. |
| 260 |
_aLos Angeles: _bSAGE Publications _c2008 |
||
| 300 | _axii, 274 p.: ill. | ||
| 500 | _aIncludes bibliographical references and index. | ||
| 650 | 0 | _aENVIRONMENTAL POLICY--MACEDONIA | |
| 650 | 0 | _aENVIRONMENTAL PROTECTION--ZAMBIA | |
| 995 |
_aMAIN LIBRARY OPEN ACCESS _e742888 _FCBU-MAIN LIBRARY (Kitwe) _jGE 170 Und _M1 _UAVAILABLE _WApr 19, 2012 _y742888 _ZMain Library Open Access Collection |
||
| 995 |
_aMAIN LIBRARY OPEN ACCESS _e742851 _FCBU-MAIN LIBRARY (Kitwe) _jGE 170 Und _M2 _UAVAILABLE _WJun 18, 2012 _y742851 _ZMain Library Open Access Collection |
||
| 995 |
_aANNEX COLLECTION (Main Library) _e742983 _FCBU-MAIN LIBRARY (Kitwe) _jGE 170 Und _M3 _UAVAILABLE _WJun 25, 2012 _y742983 _ZAnnex Low-Usage Collection |
||
| 999 |
_c78462 _d78462 |
||